000 00300nam a2200121Ia 4500
005 20251222144639.0
008 251222s9999||||xx |||||||||||||| ||spa||
082 _a869.56/V66P/Ej.2
100 _aMartos, MarcoVillanueva, Elsa
245 0 _aLas Palabras de Trilce
264 _bSeglusa
942 _cLIB
999 _c16594
_d16594